00448nam a2200121 i 4500001000300000245012900003260001900132040000800151041000800159080002000167008004100187856009800228bg 0aMetody fizykochemiczne oczyszczania wody i ścieków :bdruga międzynarodowa konferencja, Lublin, 7-9 czerwca 1979. T.2. aLublin,c1979. cBPK apol a628.1/.3(061.3) s pl f |000 0 pol  uhttp://koha.tu.koszalin.pl/cgi-bin/koha/opac-detail.pl?biblionumber=19014yKatalog online BPK